| 000 | 01230nam a2200277Ia 4500 | ||
|---|---|---|---|
| 999 |
_c5734 _d5734 |
||
| 003 | OSt | ||
| 005 | 20200325103347.0 | ||
| 008 | 191128s1984 sp a gr 000 0 spa d | ||
| 020 | _a8428304351 | ||
| 040 |
_aCO-JMCR _cCO-JMCR |
||
| 082 | 0 | 4 |
_a003 / _bH333m |
| 100 | 1 |
_aHartman, W., _eautor _91790 |
|
| 245 | 1 | 0 |
_aManual de la los Sistemas de Información : _bAnálisis requisitos y su determinación, Diseño y desarrollo, Implantación y evaluación / _cW. Hartman ; traductores, Angel Salto Dolla, Antonio Narbona Baez, Francisco Feltrer Garcia |
| 260 |
_aMadrid : _bParaninfo, _c1984 |
||
| 300 |
_a382 páginas : _bilustraciones en blanco y negro ; _c21 cm. |
||
| 505 | _aEl concepto de organización -- Finalidad del ARDI -- objetivo de ARDI -- Contribución de ARDI al desarrollo de sistemas -- Subdivisiones y actualización -- Terminologia | ||
| 546 | _aspa | ||
| 650 | 1 | 4 |
_aPolítica social _91606 |
| 650 | 2 | 4 |
_aPoblación rural _91791 |
| 650 | 2 | 4 |
_aCondiciones sociales _91792 |
| 650 | 2 | 4 |
_aEstadísticas sociales _91793 |
| 700 | 1 |
_aSalto Dolla, Angel, _etraductor _91794 |
|
| 700 | 1 |
_aNarbona Baez, Antonio, _etraductor _91795 |
|
| 700 | 1 |
_aFeltrer Garcia, Francisco, _e traductor _91796 |
|
| 942 |
_2ddc _cBK |
||